Victor Raúl Haya de la Torre / (Record no. 14538)

MARC details
000 -LEADER
campo de control de longitud fija 00984nam a2200265 i 4500
001 - NÚMERO DE CONTROL
campo de control 14538
003 - IDENTIFICADOR DE NÚMERO DE CONTROL
campo de control ES-MaACL
005 - FECHA Y HORA DE LA ÚLTIMA TRANSACCIÓN
campo de control 20250804223817.0
007 - CAMPO FIJO DE DESCRIPCIÓN FÍSICA--INFORMACIÓN GENERAL
campo de control de longitud fija t|
008 - DATOS DE LONGITUD FIJA--INFORMACIÓN GENERAL
campo de control de longitud fija 980528s1988 sp |||| | spa j
020 ## - NÚMERO INTERNACIONAL ESTÁNDAR DEL LIBRO
Número Internacional Estándar del Libro 84-7232-460-5
080 ## - NÚMERO DE LA CLASIFICACIÓN DECIMAL UNIVERSAL
Número de la Clasificación Decimal Universal 329(85)
100 1# - ENTRADA PRINCIPAL--NOMBRE DE PERSONA
Nombre de persona Haya de la Torre, Víctor Raúl.
9 (RLIN) 62183
245 10 - MENCIÓN DEL TÍTULO
Título Victor Raúl Haya de la Torre /
Mención de responsabilidad, etc. edición a cargo de Milda Rivarola y Pedro Planas ; prólogo de Antonio Lago Carballo.
260 ## - PUBLICACIÓN, DISTRIBUCIÓN, ETC.
Lugar de publicación, distribución, etc. Madrid :
Nombre del editor, distribuidor, etc. Cultura Hispánica,
Fecha de publicación, distribución, etc. 1988.
300 ## - DESCRIPCIÓN FÍSICA
Extensión 167 p. ;
Dimensiones 24 cm.
490 1# - MENCIÓN DE SERIE
Mención de serie Antología del pensamiento político, social y económico de América Latina ;
Designación de volumen o secuencia 5
610 27 - PUNTO DE ACCESO ADICIONAL DE MATERIA--NOMBRE DE ENTIDAD CORPORATIVA
Nombre de entidad corporativa o nombre de jurisdicción como elemento de entrada Alianza Popular Revolucionaria Americana.
9 (RLIN) 1335
700 1# - ENTRADA AGREGADA--NOMBRE PERSONAL
Nombre de persona Rivarola, Milda.
9 (RLIN) 97545
700 1# - ENTRADA AGREGADA--NOMBRE PERSONAL
Nombre de persona Planas, Pedro.
9 (RLIN) 92525
700 1# - ENTRADA AGREGADA--NOMBRE PERSONAL
Nombre de persona Lago Carballo, Antonio.
9 (RLIN) 69588
830 00 - PUNTO DE ACCESO ADICIONAL DE SERIE-TÍTULO UNIFORME
Título uniforme Antología del pensamiento político, social y económico de América Latina
Designación de volumen o secuencia 5
9 (RLIN) 178008
852 ## - LOCALIZACIÓN
Ubicación ES-MaACL
Número de control de estantería L-21819
Holdings
Estatus retirado Estado de pérdida Estado de daño No para préstamo Biblioteca de origen Biblioteca actual Ubicación en estantería Fecha de adquisición Fuente de adquisición Total de préstamos Signatura topográfica completa Código de barras Visto por última vez Precio de reemplazo Tipo de ítem Koha
        Biblioteca del Ateneo de Madrid Biblioteca del Ateneo de Madrid Depósito 2 17/01/2008     L-21819 1014786 23/02/2023 23/02/2023 Libro impreso